| Tag |
First Indicator |
Second Indicator |
Subfields |
| LEADER |
00000cgm a2200000Mi 4500 |
| 001 |
in00005553021 |
| 006 |
m o c |
| 007 |
cr |n||||||||a |
| 007 |
vz |za|z| |
| 008 |
200210s2016 enk047 e o vueng d |
| 005 |
20241201231306.3 |
| 035 |
|
|
|a (OCoLC)on1144825341
|
| 040 |
|
|
|a ALSTP
|b eng
|e rda
|c ALSTP
|d OCLCO
|d OCLCF
|d OCLCO
|d OCLCL
|d OCLCQ
|d DXU
|
| 019 |
|
|
|a 1373529050
|a 1444002213
|
| 035 |
|
|
|a (OCoLC)1144825341
|z (OCoLC)1373529050
|z (OCoLC)1444002213
|
| 049 |
|
|
|a TXAM
|
| 245 |
0 |
0 |
|a Life below zero.
|n Series 4, Episode 17,
|p The thaw.
|p Against the tide /
|c producers, Rob Pollard, Alex Rinks ; produced by Adjacent Productions for National Geographic Channels.
|
| 264 |
|
1 |
|a London, England :
|b BBC Worldwide,
|c 2016.
|
| 300 |
|
|
|a 1 online resource (47 minutes)
|
| 306 |
|
|
|a 004639
|
| 336 |
|
|
|a two-dimensional moving image
|b tdi
|2 rdacontent
|
| 337 |
|
|
|a computer
|b c
|2 rdamedia
|
| 337 |
|
|
|a video
|b v
|2 rdamedia
|
| 338 |
|
|
|a online resource
|b cr
|2 rdacarrier
|
| 347 |
|
|
|a video file
|2 rda
|
| 490 |
0 |
|
|a Academic Video Online
|
| 500 |
|
|
|a Title from resource description page (viewed February 10, 2020).
|
| 511 |
0 |
|
|a Narrated by James Franzo.
|
| 520 |
|
|
|a Summer's unpredictable weather poses challenges for Alaskans as they set out to gather resources to survive the oncoming winter. Glenn Villeneuve uses his newly recovered canoe to explore unfamiliar regions of the Brooks Range in search of resource-rich areas. In Kavik, Sue Aikens overhauls her heating system to work more efficiently for the grueling winter that lies ahead. Agnes Hailstone teaches her daughters how to fish for herring along the Kiwalik River. And in Eagle, Andy Bassich sets nets for king salmon before the window to harvest the valuable resource closes for the season.
|
| 546 |
|
|
|a In English.
|
| 650 |
|
0 |
|a Self-reliant living
|z Alaska.
|
| 650 |
|
0 |
|a Rural families
|z Alaska.
|
| 650 |
|
0 |
|a Hunting
|z Alaska.
|
| 650 |
|
0 |
|a Fishing
|z Alaska.
|
| 650 |
|
0 |
|a Summer
|z Alaska.
|
| 650 |
|
0 |
|a Survivalism
|z Alaska.
|
| 650 |
|
0 |
|a Wilderness areas
|z Alaska.
|
| 651 |
|
0 |
|a Alaska
|x Social life and customs.
|
| 650 |
|
6 |
|a Autosuffisance (Style de vie)
|z Alaska.
|
| 650 |
|
6 |
|a Familles rurales
|z Alaska.
|
| 650 |
|
6 |
|a Chasse
|z Alaska.
|
| 650 |
|
6 |
|a Pêche sportive
|z Alaska.
|
| 650 |
|
6 |
|a Été
|z Alaska.
|
| 650 |
|
6 |
|a Survivalisme
|z Alaska.
|
| 650 |
|
6 |
|a Réserves de la vie sauvage
|z Alaska.
|
| 651 |
|
6 |
|a Alaska
|x Mœurs et coutumes.
|
| 650 |
|
7 |
|a Fishing.
|2 fast
|0 (OCoLC)fst00926650
|
| 650 |
|
7 |
|a Hunting.
|2 fast
|0 (OCoLC)fst00964162
|
| 650 |
|
7 |
|a Manners and customs.
|2 fast
|0 (OCoLC)fst01007815
|
| 650 |
|
7 |
|a Rural families.
|2 fast
|0 (OCoLC)fst01101623
|
| 650 |
|
7 |
|a Self-reliant living.
|2 fast
|0 (OCoLC)fst01736333
|
| 650 |
|
7 |
|a Summer.
|2 fast
|0 (OCoLC)fst01138503
|
| 650 |
|
7 |
|a Survivalism.
|2 fast
|0 (OCoLC)fst01139664
|
| 650 |
|
7 |
|a Wilderness areas.
|2 fast
|0 (OCoLC)fst01175164
|
| 651 |
|
7 |
|a Alaska.
|2 fast
|0 (OCoLC)fst01204480
|1 https://id.oclc.org/worldcat/entity/E39QbtfRq9rTfb3H89Vvrr9x9c
|
| 655 |
|
7 |
|a Documentary television programs.
|2 fast
|0 (OCoLC)fst01710387
|
| 655 |
|
7 |
|a Nonfiction television programs.
|2 fast
|0 (OCoLC)fst01710270
|
| 655 |
|
7 |
|a Reality television programs.
|2 fast
|0 (OCoLC)fst01710470
|
| 655 |
|
7 |
|a Television programs.
|2 fast
|0 (OCoLC)fst01726253
|
| 655 |
|
7 |
|a Documentary television programs.
|2 lcgft
|
| 655 |
|
7 |
|a Reality television programs.
|2 lcgft
|
| 655 |
|
7 |
|a Nonfiction television programs.
|2 lcgft
|
| 655 |
|
7 |
|a Television programs.
|2 lcgft
|
| 655 |
|
7 |
|a Documentaires télévisés.
|2 rvmgf
|
| 655 |
|
7 |
|a Émissions télévisées autres que de fiction.
|2 rvmgf
|
| 655 |
|
7 |
|a Émissions télévisées.
|2 rvmgf
|
| 700 |
1 |
|
|a Pollard, Rob,
|e producer.
|
| 700 |
1 |
|
|a Rinks, Alex,
|e producer.
|
| 700 |
1 |
|
|a Franzo, James,
|e narrator.
|
| 710 |
2 |
|
|a Adjacent Productions,
|e production company.
|
| 710 |
2 |
|
|a BBC Worldwide Ltd.,
|e film distributor.
|
| 856 |
4 |
0 |
|u http://proxy.library.tamu.edu/login?url=https://www.aspresolver.com/aspresolver.asp?MARC;4689309
|z Connect to this streaming video (Alexander Street Press)
|t 0
|
| 955 |
|
|
|a Alexander Street Press subscription streaming video
|
| 994 |
|
|
|a 92
|b TXA
|
| 999 |
f |
f |
|s fce82009-b4ae-494f-98c5-9904547f5998
|i b5a484a3-e249-48d5-8417-4a83bddbeaeb
|t 0
|
| 952 |
f |
f |
|a Texas A&M University
|b College Station
|c Electronic Resources
|d Available Online
|t 0
|h Library of Congress classification
|
| 998 |
f |
f |
|t 0
|l Available Online
|